Copa América Countries 2024 - Statistics

General Stats
  • This quiz has been taken 52 times
  • The average score is 15 of 16
Answer Stats
Picture Answer % Correct
argentina
100%
canada
100%
costa rica
100%
brazil
98%
uruguay
98%
chile
96%
colombia
96%
mexico
96%
panama
96%
usa
96%
ecuador
93%
peru
93%
venezuela
93%
jamaica
91%
paraguay
91%
bolivia
89%
No matching quizzes found
Score Distribution
Percent of People with Each Score
Percentile by Number Answered
Your Score History
You have not taken this quiz